| 000 -LEADER |
| fixed length control field |
02117nam a22005777a 4500 |
| 001 - CONTROL NUMBER |
| control field |
5518837 |
| 003 - CONTROL NUMBER IDENTIFIER |
| control field |
LIBRIS |
| 005 - DATE AND TIME OF LATEST TRANSACTION |
| control field |
20210208102807.0 |
| 008 - FIXED-LENGTH DATA ELEMENTS--GENERAL INFORMATION |
| fixed length control field |
011211s1978 ne 001 0 eng c |
| 020 ## - INTERNATIONAL STANDARD BOOK NUMBER |
| International Standard Book Number |
0720472350 |
| 020 ## - INTERNATIONAL STANDARD BOOK NUMBER |
| International Standard Book Number |
0720472008 (hela verket) |
| 020 ## - INTERNATIONAL STANDARD BOOK NUMBER |
| International Standard Book Number |
0-444-90404-2 |
| 040 ## - CATALOGING SOURCE |
| Original cataloging agency |
Li |
| Language of cataloging |
eng |
| Transcribing agency |
DLC |
| 041 ## - LANGUAGE CODE |
| Language code of text/sound track or separate title |
eng |
| 080 ## - UNIVERSAL DECIMAL CLASSIFICATION NUMBER |
| Universal Decimal Classification number |
616.8 |
| Item number |
V-69 |
| 082 ## - DEWEY DECIMAL CLASSIFICATION NUMBER |
| Classification number |
616.9 |
| Item number |
92 |
| Classification number |
616.9 |
| 082 ## - DEWEY DECIMAL CLASSIFICATION NUMBER |
| Classification number |
616.9 |
| Item number |
92 |
| Classification number |
616.9 |
| 084 ## - OTHER CLASSIFICATION NUMBER |
| Classification number |
Veba |
| Number source |
kssb/8 (machine generated) |
| 084 ## - OTHER CLASSIFICATION NUMBER |
| Classification number |
V |
| Number source |
kssb |
| 084 ## - OTHER CLASSIFICATION NUMBER |
| Classification number |
Vef |
| Number source |
kssb/5 |
| 100 ## - MAIN ENTRY--PERSONAL NAME |
| 9 (RLIN) |
806 |
| Personal name |
Vinken, J., P. |
| Relator term |
Editor |
| 245 00 - TITLE STATEMENT |
| Title |
Handbook of clinical neurology: Volume 35 |
| Number of part/section of a work |
Infections of the nervous system, Part 3 |
| Name of part/section of a work |
in collab. with Harold L. Klawans |
| Statement of responsibility, etc. |
/ by: Elsevier Publishing CO., Inc |
| 260 ## - PUBLICATION, DISTRIBUTION, ETC. |
| Place of publication, distribution, etc. |
New York |
| Name of publisher, distributor, etc. |
Elsevier Publishing CO., Inc |
| Date of publication, distribution, etc. |
Cop. 1978 |
| 300 ## - PHYSICAL DESCRIPTION |
| Extent |
584 p. |
| Other physical details |
ill., tab. |
| 650 #7 - SUBJECT ADDED ENTRY--TOPICAL TERM |
| Topical term or geographic name entry element |
Spine |
| Source of heading or term |
BNB |
| 650 #0 - SUBJECT ADDED ENTRY--TOPICAL TERM |
| Topical term or geographic name entry element |
Neurology |
| 9 (RLIN) |
100 |
| 650 #2 - SUBJECT ADDED ENTRY--TOPICAL TERM |
| Topical term or geographic name entry element |
Nervous system diseases |
| General subdivision |
handbooks |
| 650 #7 - SUBJECT ADDED ENTRY--TOPICAL TERM |
| Topical term or geographic name entry element |
man |
| Source of heading or term |
BNB |
| 650 #2 - SUBJECT ADDED ENTRY--TOPICAL TERM |
| Topical term or geographic name entry element |
Nervous system diseases |
| 650 #2 - SUBJECT ADDED ENTRY--TOPICAL TERM |
| Topical term or geographic name entry element |
Neurology: handbooks |
| 650 #2 - SUBJECT ADDED ENTRY--TOPICAL TERM |
| Topical term or geographic name entry element |
Nervous system diseases: handbooks |
| 653 ## - INDEX TERM--UNCONTROLLED |
| Uncontrolled term |
ნევროლოგია |
| 653 ## - INDEX TERM--UNCONTROLLED |
| Uncontrolled term |
ნერვული სისტემის დაავადებები |
| 653 ## - INDEX TERM--UNCONTROLLED |
| Uncontrolled term |
ხერხემალი |
| 700 1# - ADDED ENTRY--PERSONAL NAME |
| Personal name |
Bruyn, George W. |
| Relationship |
oth |
| 700 1# - ADDED ENTRY--PERSONAL NAME |
| Personal name |
Klawans, Harold L. |
| Relationship |
oth |
| 700 1# - ADDED ENTRY--PERSONAL NAME |
| Personal name |
Klawans, Harold L. |
| Relationship |
oth |
| 740 0# - ADDED ENTRY--UNCONTROLLED RELATED/ANALYTICAL TITLE |
| Uncontrolled related/analytical title |
Infections of the nervous system, p. 3 |
| 772 00 - SUPPLEMENT PARENT ENTRY |
| Control subfield |
nn |
| Title |
Handbook of clinical neurology |
| Qualifying information |
editors: Pierre J. Vinken, George W. Bruyn, Harold L. Klawans |
| Place, publisher, and date of publication |
Amsterdam : Elsevier, 1968- |
| International Standard Book Number |
0-7204-7200-8 |
| Record control number |
0720472008 |
| 942 ## - ADDED ENTRY ELEMENTS (KOHA) |
| Source of classification or shelving scheme |
|
| Koha item type |
Books |